<?xml version="1.0" encoding="UTF-8"?>
<collection xmlns="http://www.loc.gov/MARC21/slim">
  <record>
    <leader>00000nam  2200000   4500</leader>
    <controlfield tag="001">INLIS000000000013210</controlfield>
    <controlfield tag="005">20220905090037</controlfield>
    <datafield tag="035" ind1="#" ind2="#">
      <subfield code="a">0010-0822000011</subfield>
    </datafield>
    <datafield tag="245" ind1="1" ind2="#">
      <subfield code="a">Revitalisasi Coorporate Social Responsibility (CSR) untuk Membangun Kota Tanjungpinang Badan Perencanaan Pembangunan Penelitian dan Pengembangan /</subfield>
      <subfield code="c">Ruli Friady, S.Sos., M.Si.</subfield>
    </datafield>
    <datafield tag="100" ind1=" " ind2="#">
      <subfield code="a">FRIADY, Ruli</subfield>
    </datafield>
    <datafield tag="250" ind1="#" ind2="#">
      <subfield code="a">1</subfield>
    </datafield>
    <datafield tag="300" ind1="#" ind2="#">
      <subfield code="a">vii,70 halaman :</subfield>
      <subfield code="b">ilustrasi ;</subfield>
      <subfield code="c">30 cm</subfield>
    </datafield>
    <datafield tag="260" ind1="#" ind2="#">
      <subfield code="a">Samarinda :</subfield>
      <subfield code="b">Puslatbang KDOD,</subfield>
      <subfield code="c">2020</subfield>
    </datafield>
    <datafield tag="084" ind1="#" ind2="#">
      <subfield code="a">PKN 296 2020</subfield>
    </datafield>
    <datafield tag="520" ind1="#" ind2="#">
      <subfield code="a">: Laporan proyek perubahan ini menjelaskan diperlukannya alternatif sumber pembiayaan pembangunan lain mengingat terbatasnya pembiayaan pemerintah. Salah satu alternative sumber pembiayaan pembangunan adalah kontribusi Dana Corporate Social Responsibility (CSR) dari perusahaan yang beroperasi di wilayah Kota Tanjung Pinang. Sistem Informasi CSR untuk Percepatan Pembangunan Kota Tanjungpinang (SICEPAT) memanfaatkan teknologi informasi untuk menyediakan data dan informasi perusahaan, data program prioritas kegiatan, serta media publikasi online mempermudah kinerja Forum CSR dan Tim Fasilitasi CSR sehingga mewujudkan kesinambungan dan keberlanjutan pendanaan CSR untuk percepatan pembangunan di Kota Tanjungpinang.</subfield>
    </datafield>
    <datafield tag="500" ind1="#" ind2="#">
      <subfield code="a">Coach : Ir. Choirul Djamhari, M.Sc.,Ph.D&#13;
Penguji :Dr. Mariman Darto, M.Si&#13;
Mentor :Drs. Teguh Ahmad Syafari, M.Si</subfield>
    </datafield>
    <controlfield tag="008">220905################|##########|#|##</controlfield>
    <datafield tag="650" ind1="#" ind2="4">
      <subfield code="a">Proyek Perubahan</subfield>
    </datafield>
    <datafield tag="650" ind1="#" ind2="4">
      <subfield code="a">Kepemimpinan Nasional Tingkat II</subfield>
    </datafield>
    <datafield tag="650" ind1="#" ind2="4">
      <subfield code="a">sistem informasi</subfield>
    </datafield>
    <datafield tag="650" ind1="#" ind2="4">
      <subfield code="a">teknologi informasi</subfield>
    </datafield>
    <datafield tag="650" ind1="#" ind2="4">
      <subfield code="a">sumber pembiayaan</subfield>
    </datafield>
    <datafield tag="650" ind1="#" ind2="4">
      <subfield code="a">pembangunan daerah</subfield>
    </datafield>
    <datafield tag="650" ind1="#" ind2="4">
      <subfield code="a">tanggungjawab sosial perusahaan</subfield>
    </datafield>
    <datafield tag="650" ind1="#" ind2="4">
      <subfield code="a">layanan informasi</subfield>
    </datafield>
    <datafield tag="990" ind1="#" ind2="#">
      <subfield code="a">PKN/296/2020</subfield>
    </datafield>
  </record>
</collection>
